Principles of Communication Engineering (Record no. 2971)
[ view plain ]
| 000 -LEADER | |
|---|---|
| fixed length control field | 00384nam a2200157Ia 4500 |
| 008 - FIXED-LENGTH DATA ELEMENTS--GENERAL INFORMATION | |
| fixed length control field | 221030s9999 xx 000 0 und d |
| 020 ## - INTERNATIONAL STANDARD BOOK NUMBER | |
| ISBN | 8121900530 |
| 041 ## - LANGUAGE CODE | |
| Language code of text/sound track or separate title | |
| 082 ## - DEWEY DECIMAL CLASSIFICATION NUMBER | |
| Classification number | 105.23 |
| Item number | Sin |
| 100 ## - MAIN ENTRY--AUTHOR NAME | |
| Personal name | A. Singh |
| 245 #0 - TITLE STATEMENT | |
| Title | Principles of Communication Engineering |
| Statement of responsibility, etc | by A. Singh |
| 260 ## - PUBLICATION, DISTRIBUTION, ETC. (IMPRINT) | |
| Name of publisher | S.Chand & Co |
| Place of publication | New Delhi |
| Year of publication | 2001 |
| 300 ## - PHYSICAL DESCRIPTION | |
| Number of Pages | 607 |
| 650 ## - SUBJECT ADDED ENTRY--TOPICAL TERM | |
| Topical Term | ECE |
| 942 ## - ADDED ENTRY ELEMENTS (KOHA) | |
| Koha item type | Books |
| Accession Number | Cost, normal purchase price | Full call number | Price effective from | Koha item type | Withdrawn / writtenoff status | Materials specified (bound volume or other part) | Damaged status | Not for loan | Permanent Location | Current Location | Shelving location | Date acquired | Lost/ Missing status | department |
|---|---|---|---|---|---|---|---|---|---|---|---|---|---|---|
| BE 4952 | 175.00 | 105.23 Sin | 10/30/2022 | Books | Not For Loan | MIET Library, Jammu | MIET Library, Jammu | BL-Second, FL-1, CUP-74, SH-3, R-3 | 05/17/2002 | BE | ||||
| BE 4953 | 175.00 | 105.23 Sin | 10/30/2022 | Books | MIET Library, Jammu | MIET Library, Jammu | BL-Academic Block -a, FL-1, CUP-15, SH-2, R-2 | 10/20/2005 | BE | |||||
| BE 4954 | 175.00 | 105.23 Sin | 10/30/2022 | Books | MIET Library, Jammu | MIET Library, Jammu | BL-Academic Block -a, FL-1, CUP-15, SH-2, R-2 | 05/17/2002 | BE | |||||
| BE 4956 | 175.00 | 105.23 Sin | 10/30/2022 | Books | MIET Library, Jammu | MIET Library, Jammu | BL-Academic Block-a, FL-1, CUP-15, SH-1, R-1 | 05/17/2002 | BE | |||||
| BE 4955 | 175.00 | 105.23 Sin | 10/30/2022 | Books | MIET Library, Jammu | MIET Library, Jammu | BL-Academic Block A, FL-1, CUP-15, SH-2, R-2 | 05/17/2002 | BE | |||||
| BE 4951 | 175.00 | 105.23 Sin | 10/30/2022 | Books | MIET Library, Jammu | MIET Library, Jammu | BL-Academic Block-a, FL-1, CUP-15, SH-2, R-2 | 05/17/2002 | BE |